000 01604nam a2200361 i 4500
001 195429
003 SpMaBN
005 20251120135513.0
007 ta
008 240611s1868 sp | |||| 000 d spa
035 _aa7168161
040 _aSpMaBN
_bspa
_cSpMaBN
_erda
_dES-MaACL
080 _a821.134.2-2"18"
100 1 _aSanta Ana, Manuel María de,
_d1820-1894
_9132421
_eaut
245 1 3 _aEl dos de mayo :
_bdrama en tres actos y en verso /
_coriginal de los señores D. Manuel Santana, don Francisco de Paula Montemar y D. Ceferino Suárez Brabo.
264 1 _a[Salamanca] :
_bCírculo Literario Comercial,
_c[1868]
264 3 _aSalamanca :
_bEstablecimiento Tipográfico del Hospicio,
_c1868
300 _a78 páginas ;
_c21 cm
300 _a1 CD-ROM
336 _aTexto
_2rdacontent
337 _asin mediación
_2rdamedia
338 _avolumen
_2rdacarrier
490 1 _aLa España dramática ;
_vn.º 84
655 0 _aTeatro
_9234794
700 1 _aMontemar, Francisco de Paula,
_d1825-1889
_9130091
_eaut
700 2 _aSuárez Bravo, Ceferino,
_d1825-1896
_eaut
_9132965
830 _9188321
_aLa España dramática ;
_v84
852 _aES-MaACL
_cROT
_jROT 6/2/19
_9203374
_zCopia digitalizada
942 _n0
_cCDROM
980 _cCanje del
_aInstitut del Teatre
_djulio de 2022
_aArtur Sedó i Guichard (1881-1965)
_aInstitut del Teatre (Barcelona)
_aEncuadernación en rústica
_aEvaluar
_lEjemplar intonso
_c20230920
_aSpMaBN
_bBNMADRID
_jVC/4330/41
_qEjemplar con foxing
_cSG_RECOLET
999 _c195429
_d195429